000 00361nam a22001577a 4500
003 OSt
005 20220222093225.0
008 220222b |||||||| |||| 00| 0 eng d
020 _a8170080533
040 _cH.U
082 _a690.023
100 _aPunmia
_913525
245 _aBuilding Construction
260 _aNew Delhi
_bLaxmi
_c1993
942 _2ddc
_cBOOKS
_n0
999 _c31151
_d31151